000 00301nam a2200109Ia 4500
008 200302s9999 xx 000 0 und d
100 _aAlejandro Bahamon
245 _aSketch : Houses how Architects Conceive Residential Architedture
260 _bLoft Publications
260 _c2006
300 _a191 P.,
999 _c3123
_d3123